000 00438nam a2200181Ia 4500
001 4812
005 20260306145822.0
008 260306t2002||||xx |||||||||||||| ||spa||
041 _aESP
082 _a330.15
_bC32
100 _aCasares Ripol, Javier
_eAUT
245 0 _aEl pensamiento en la política económica
260 _c2002
300 _a152 páginas :
_c24 cm.
650 _aGEN
654 _aCAN
942 _cLIB
_dJUS
_fJUS
_2ddc
_n
999 _c4812
_d4812